| 000 | 00559nam a22002057a 4500 | ||
|---|---|---|---|
| 999 |
_c2924 _d2924 |
||
| 003 | OSt | ||
| 005 | 20210727065031.0 | ||
| 008 | 210727b ||||| |||| 00| 0 eng d | ||
| 020 | _a 043300102X | ||
| 020 | _a 9780433001027 | ||
| 040 | _cAlupe University | ||
| 050 |
_aRC386 _b.N67 1990 |
||
| 100 | _a Brian North; | ||
| 245 |
_aRAISED INTRACRANIAL PRESSURE _bA Clinical Guide |
||
| 260 |
_aOxford _bHeinemann Medical Books _cc1990 |
||
| 300 | _a109p | ||
| 650 | _a Hypertension intracrânienne | ||
| 700 | _a Peter Reilly | ||
| 942 |
_2lcc _cBK _nDO |
||